000
00325nam a2200133Ia 4500
005
20260328104304.0
008
260328s9999||||xx |||||||||||||| ||und||
100
_a
Maynard, John
245
0
_a
Crítica de la economía clásica /
_c
John Maynard
260
_b
Sarpe
300
_a
240 p.
650
_a
COLECCION
942
_c
BK
999
_c
10691
_d
10691